Nên đưa ba họ Khúc - Dương - Ngô vào vị trí mở đầu cho kỷ "Độc lập dân tộc" /

Gorde:
Xehetasun bibliografikoak
Egile nagusia: Văn Tạo, GS.
Formatua: Artikulua
Hizkuntza:Vietnamese
Gaiak:
Etiketak: Etiketa erantsi
Etiketarik gabe, Izan zaitez lehena erregistro honi etiketa jartzen!
Thư viện lưu trữ: Thư viện Trường Đại học Đà Lạt
LEADER 00803nam a2200265 4500
001 DLU090087603
005 ##20091015
040 # # |a DLU  |b vie 
041 # # |a vie 
044 # # |a vn 
100 # # |a Văn Tạo,   |c GS. 
245 # # |a Nên đưa ba họ Khúc - Dương - Ngô vào vị trí mở đầu cho kỷ "Độc lập dân tộc" /  |c Văn Tạo. 
653 # # |a Độc lập dân tộc 
653 # # |a Chống xâm lược 
653 # # |a Dòng họ 
773 # # |t Nghiên cứu lịch sử  |g Số 5(306), 1999, tr. 77-81 
920 # # |a Phòng Tạp chí -- Trung tâm Thông tin - Thư viện Trường Đại học Đà Lạt 
994 # # |a DLU 
900 # # |a True 
911 # # |a Nguyễn Thị Linh Chi 
925 # # |a G 
926 # # |a A 
927 # # |a BB 
980 # # |a Thư viện Trường Đại học Đà Lạt